| 000 | 02384nam a2200349 a 4500 | ||
|---|---|---|---|
| 001 | ebr10691866 | ||
| 003 | CaPaEBR | ||
| 006 | m u | ||
| 007 | cr cn||||||||| | ||
| 008 | 130208s2013 njuac sb 001 0aeng d | ||
| 010 | _z 2012046467 | ||
| 020 | _z9789814436489 (hardcover : alk. paper) | ||
| 020 | _z9789814436502 (e-book) | ||
| 040 |
_aCaPaEBR _cCaPaEBR |
||
| 035 | _a(OCoLC)840416029 | ||
| 043 | _an-us--- | ||
| 050 | 1 | 4 |
_aTK9014.M55 _bA3 2013eb |
| 082 | 0 | 4 |
_a621.48092 _aB _223 |
| 100 | 1 |
_aMiley, George H. _q(George Hunter), _d1933- |
|
| 245 | 1 | 0 |
_aLife at the center of the energy crisis _h[electronic resource] : _ba technologist's search for a black swan / _cGeorge H. Miley, University of Illinois at Urbana-Champaign, USA. |
| 260 |
_a[Hackensack] N.J. : _bWorld Scientific, _cc2013. |
||
| 300 |
_axix, 213 p. : _bill., ports. |
||
| 504 | _aIncludes bibliographical references and index. | ||
| 505 | 0 | _aEarly days and searching for a starting path -- Burnable poison control for nuclear submarine reactors -- Nuclear pulse propagation and fission reactor kinetics -- Nuclear pumped laser (NPL) research -- Direct electron beam pumped laser -- Advanced lasers -- Alpha particle effects in thermonuclear fusion devices -- Alternate fusion concepts -- Advanced fuel fusion and direct energy conversion -- Inertial confinement fusion (ICF) -- Inertial electrostatic confinement (IEC) fusion -- Low energy nuclear reactions (LENR) -- Hydrogen economy and fuel cells -- Fusion propulsion and space colonization -- Nuclear batteries -- Computation and theory -- Nuclear power plant safety board and Illinois low-level waste site -- Teaching, education, and university administration -- Creation of a small company, NPL Associates, Inc -- Where am I in the search? What have I found? -- Concluding comments. | |
| 533 |
_aElectronic reproduction. _bPalo Alto, Calif. : _cebrary, _d2013. _nAvailable via World Wide Web. _nAccess may be limited to ebrary affiliated libraries. |
||
| 600 | 1 | 0 |
_aMiley, George H. _q(George Hunter), _d1933- |
| 650 | 0 |
_aNuclear engineers _zUnited States _vBiography. |
|
| 650 | 0 |
_aNuclear energy _xResearch _zUnited States _xHistory. |
|
| 655 | 7 |
_aElectronic books. _2local |
|
| 710 | 2 | _aebrary, Inc. | |
| 856 | 4 | 0 |
_uhttp://site.ebrary.com/lib/rucke/Doc?id=10691866 _zAn electronic book accessible through the World Wide Web; click to view |
| 999 |
_c24925 _d24925 |
||